000 01253cam a22002891i 4500
003 SA-RiAUC
005 20250705125452.0
008 250704s1979 su g 00000 ara c
040 _aSA-RiAUC
_bara
_cSA-RiAUC
_erda
043 _an-us---
082 0 4 _a210.6
_qSA-RiAUC
090 _a210.6
_bا ب و س
100 1 _aأبو سليمان، عبد الوهاب إبراهيم محمد،
_d1355-1444 هجري
_eمؤلف.
245 1 0 _aمنظمة الإيجا محمد الأمريكية :
_bدراسة وتحليل /
_cعبد الوهاب إبراهيم أبو سليمان.
250 _aالطبعة الأولى.
264 1 _aجدة، السعودية :
_bدار الشروق،
_c1979
300 _a209 صفحة ؛
_c24 سم
336 _aنص
_btxt
_2rdacontent
_3كتاب
337 _aبدون وسيط
_bn
_2rdamedia
338 _aمجلد
_bnc
_2rdacarrier
610 2 7 _aمنظمة الإيجا محمد الأمريكية
_2aucnm
650 7 _aالمنظمات الإسلامية
_2aucsh
650 7 _aالمسلمون
_zالولايات المتحدة الأمريكية
_2aucsh
650 7 _aالإسلام
_zالولايات المتحدة الأمريكية
_2aucsh
942 _2ddc
_cBOOK
_n0
949 _aSA-JeALM
_d250704
_umohamedma123
_n1
999 _c9491
_d9491